000 00434nam a2200169 a 4500
005 20140310183507.0
008 100918s19uu xx 00 eng d
020 _a082173928
050 _aPZ 7
_b.W766 1992
100 _aWindsor, Linda
245 _aDelta moonfire.
_cLinda Windsor
260 _aNew York :
_bKensington Pub. Co,
_c1992.
300 _a448 p. :
_c17 cm.
650 _aFiction
942 _cBK
_2lcc
999 _c24090
_d24090